[Event "POL-chT U19 2nd League"]
[Site "Krynica"]
[Date "2001.??.??"]
[Round "5"]
[White "Dudzinski, Pawel"]
[Black "Wasilewski, Pawel"]
[Result "1/2-1/2"]
[WhiteElo "2090"]
[BlackElo "2170"]
[PlyCount "42"]
[EventDate "2001.07.16"]
[EventType "team-swiss"]
[EventRounds "11"]
[EventCountry "POL"]
[SourceTitle "EXT 2003"]
[Source "ChessBase"]
[SourceDate "2002.11.25"]
[SourceVersion "1"]
[SourceVersionDate "2002.11.25"]
[SourceQuality "1"]
[WhiteTeam "Ostrow Wielkopolski U19"]
[BlackTeam "Zieleniewo GKSZ Solny U19"]
[WhiteTeamCountry "POL"]
[BlackTeamCountry "POL"]

1. e4 e5 2. Nc3 Nc6 3. g3 Bc5 4. Bg2 Nf6 5. Nge2 a6 6. 0-0 d6 7. d3 Be6 8. Nd5 Qd7 9. Be3 Bg4 10. f3 Bh5 11. Nxf6+ gxf6 12. d4 Bb6 13. Qd2 Bg6 14. d5 Ne7 15. Bxb6 cxb6 16. f4 f5 17. fxe5 fxe4 18. Qd4 dxe5 19. Qxe5 0-0-0 20. Bxe4 Bxe4 21. Qxe4 Nxd5 1/2-1/2

[Event "POL-chT U19 2nd League"]
[Site "Krynica"]
[Date "2001.??.??"]
[Round "11"]
[White "Jakubowski, Marcin"]
[Black "Wasilewski, Pawel"]
[Result "1/2-1/2"]
[WhiteElo "2245"]
[BlackElo "2170"]
[PlyCount "40"]
[EventDate "2001.07.16"]
[EventType "team-swiss"]
[EventRounds "11"]
[EventCountry "POL"]
[SourceTitle "EXT 2003"]
[Source "ChessBase"]
[SourceDate "2002.11.25"]
[SourceVersion "1"]
[SourceVersionDate "2002.11.25"]
[SourceQuality "1"]
[WhiteTeam "Lomza Devo Maraton U19"]
[BlackTeam "Zieleniewo GKSZ Solny U19"]
[WhiteTeamCountry "POL"]
[BlackTeamCountry "POL"]

1. d4 d5 2. c4 e6 3. Nc3 Nf6 4. Bg5 Nbd7 5. e3 c6 6. Qc2 Qa5 7. Bxf6 Nxf6 8. Nf3 Bb4 9. Nd2 0-0 10. Bd3 Re8 11. 0-0 Bf8 12. a3 Qc7 13. Rac1 Bd7 14. b4 dxc4 15. Nxc4 Rec8 16. Ne5 Be8 17. f4 g6 18. g4 Bg7 19. Qf2 a5 20. f5 exf5 1/2-1/2

[Event "POL-ch U18"]
[Site "Wisla"]
[Date "2000.??.??"]
[Round "8"]
[White "Grycel, Kamil"]
[Black "Wasilewski, Pawel"]
[Result "1-0"]
[WhiteElo "2223"]
[BlackElo "2049"]
[PlyCount "111"]
[EventDate "2000.02.26"]
[EventType "swiss"]
[EventRounds "10"]
[EventCountry "POL"]
[SourceTitle "EXT 2005"]
[Source "ChessBase"]
[SourceDate "2004.11.15"]
[SourceVersion "1"]
[SourceVersionDate "2004.11.15"]
[SourceQuality "1"]

1. d4 Nf6 2. c4 e6 3. Nc3 d5 4. cxd5 exd5 5. Bg5 Be7 6. e3 c6 7. Bd3 Nbd7 8. Nge2 0-0 9. 0-0 Re8 10. Qc2 Nf8 11. Rae1 Nh5 12. Bxe7 Qxe7 13. a3 g6 14. Kh1 Be6 15. f3 Rad8 16. Qd2 a6 17. Na4 Bc8 18. Nc1 Qh4 19. Kg1 Ne6 20. b4 f5 21. g3 Qf6 22. Bb1 Nhg7 23. Nd3 Ng5 24. Nac5 N7e6 25. Nb3 Nf7 26. a4 Nc7 27. Rc1 Re7 28. f4 Nd6 29. Ne5 Na8 30. Bd3 Bd7 31. Nc5 Be8 32. Qa2 Nb6 33. Rc3 Kg7 34. Rb1 Ne4 35. Rcc1 Nd6 36. Re1 h6 37. Rf1 Nbc4 38. Rbe1 Nb6 39. Kh1 Ne4 40. Qb2 Kh7 41. Qc2 Nd6 42. g4 Ra8 43. Rg1 a5 44. gxf5 gxf5 45. bxa5 Rxa5 46. Qg2 Rg7 47. Ng4 Qg6 48. Qh3 Ne4 49. Bxe4 dxe4 50. Ne5 Qf6 51. Rxg7+ Kxg7 52. Rg1+ Kf8 53. Qg3 Ke7 54. Qg8 Ra8 55. Rg7+ Kd6 56. Nxb7# 1-0

[Event "POL-ch U18"]
[Site "Wisla"]
[Date "2000.??.??"]
[Round "2"]
[White "Orzech, Dominik"]
[Black "Wasilewski, Pawel"]
[Result "1/2-1/2"]
[WhiteElo "2224"]
[BlackElo "2049"]
[PlyCount "160"]
[EventDate "2000.02.26"]
[EventType "swiss"]
[EventRounds "10"]
[EventCountry "POL"]
[SourceTitle "EXT 2005"]
[Source "ChessBase"]
[SourceDate "2004.11.15"]
[SourceVersion "1"]
[SourceVersionDate "2004.11.15"]
[SourceQuality "1"]

1. d4 Nf6 2. c4 e6 3. Nc3 d5 4. cxd5 exd5 5. Bg5 Be7 6. e3 c6 7. Bd3 Nbd7 8. Qc2 0-0 9. Nf3 Re8 10. h3 Nf8 11. 0-0 Ng6 12. Bxf6 Bxf6 13. b4 a6 14. a4 Be7 15. b5 a5 16. Ne2 Qd6 17. Rfc1 Bd7 18. Ng3 cxb5 19. Bxb5 Bxb5 20. axb5 Qd7 21. Qf5 Red8 22. Qxd7 Rxd7 23. Nf5 Bb4 24. Kf1 f6 25. Ne1 Ne7 26. Nxe7+ Bxe7 27. Ra4 Bd8 28. Nd3 Bb6 29. Ke2 Kf7 30. Ra2 Ke8 31. Nb2 Bd8 32. Na4 b6 33. Rc6 Rb8 34. Rac2 Ke7 35. Kf3 Rbb7 36. h4 Rb8 37. h5 Rbb7 38. Rc1 Rb8 39. Kg4 Rbb7 40. Kf5 Rd6 41. Rxd6 Kxd6 42. Rc8 Kd7 43. Rc6 Ke7 44. g4 Kd7 45. Nc3 Ra7 46. Nxd5 a4 47. Rc2 a3 48. Ra2 Ra5 49. Ke4 Kd6 50. Nc3 Bc7 51. Kd3 Ke6 52. e4 g6 53. f4 Bd6 54. f5+ gxf5 55. gxf5+ Kf7 56. Kc4 Kg7 57. Ra1 Kh6 58. Nd5 Ra4+ 59. Kc3 Rxd4 60. Nxf6 Rxe4 61. Nxe4 Be5+ 62. Kb3 Bxa1 63. Kxa3 Kxh5 64. Kb3 Kg4 65. f6 Kf5 66. f7 Bg7 67. Nd6+ Ke6 68. Nc8 Kxf7 69. Nxb6 Ke6 70. Kc4 Kd6 71. Nc8+ Kd7 72. Nb6+ Kd6 73. Nd5 h5 74. Ne3 Kc7 75. Nf5 Bf6 76. Kc5 h4 77. b6+ Kb7 78. Nd6+ Kb8 79. Ne4 Bd8 80. Kc6 Bxb6 1/2-1/2

[Event "POL-chT2 North U19"]
[Site "Biala Podlaska"]
[Date "2000.??.??"]
[Round "6"]
[White "Owczarzak, Jerzy"]
[Black "Wasilewski, Pawel"]
[Result "1/2-1/2"]
[WhiteElo "2225"]
[BlackElo "2049"]
[PlyCount "51"]
[EventDate "2000.07.20"]
[EventType "team-swiss"]
[EventRounds "10"]
[EventCountry "POL"]
[SourceTitle "EXT 2003"]
[Source "ChessBase"]
[SourceDate "2002.11.25"]
[SourceVersion "1"]
[SourceVersionDate "2002.11.25"]
[SourceQuality "1"]
[WhiteTeam "Poznan Pocztowiec U19"]
[BlackTeam "Zieleniewo GKSz Solny U19"]
[WhiteTeamCountry "POL"]
[BlackTeamCountry "POL"]

1. e4 e5 2. Nf3 Nf6 3. Nxe5 d6 4. Nf3 Nxe4 5. d4 d5 6. Bd3 Nc6 7. c4 Bb4+ 8. Nbd2 Nxd2 9. Bxd2 Bxd2+ 10. Qxd2 0-0 11. 0-0-0 Bg4 12. Qf4 Bxf3 13. Qxf3 dxc4 14. Bxc4 Qd6 15. Bd5 Rab8 16. Rd2 Na5 17. h4 c6 18. Be4 Nc4 19. Rc2 Nb6 20. Rd1 Rbd8 21. g4 Nd5 22. Kb1 Rfe8 23. Re2 Nf6 24. h5 Nxe4 25. Rxe4 Rxe4 26. Qxe4 1/2-1/2

[Event "POL-ch U18"]
[Site "Wisla"]
[Date "2000.??.??"]
[Round "5"]
[White "Wasilewski, Pawel"]
[Black "Jakubowski, Krzysztof"]
[Result "0-1"]
[WhiteElo "2049"]
[BlackElo "2353"]
[PlyCount "54"]
[EventDate "2000.02.26"]
[EventType "swiss"]
[EventRounds "10"]
[EventCountry "POL"]
[SourceTitle "EXT 2005"]
[Source "ChessBase"]
[SourceDate "2004.11.15"]
[SourceVersion "1"]
[SourceVersionDate "2004.11.15"]
[SourceQuality "1"]

1. d4 d5 2. c4 e6 3. Nc3 Be7 4. cxd5 exd5 5. Bf4 c6 6. Qc2 g6 7. e3 Bf5 8. Bd3 Bxd3 9. Qxd3 Nd7 10. Nf3 Ngf6 11. h3 0-0 12. 0-0 Re8 13. Ne5 Nxe5 14. Bxe5 Bf8 15. Rab1 Nd7 16. Bf4 a5 17. f3 Bg7 18. e4 dxe4 19. Nxe4 Nc5 20. Nxc5 Qxd4+ 21. Kh1 Qxf4 22. Ne4 Rad8 23. Qb3 b5 24. Qc2 f5 25. g3 Qe5 26. Qb3+ Qd5 27. Nd2 a4 0-1

[Event "POL-ch U18"]
[Site "Wisla"]
[Date "2000.??.??"]
[Round "7"]
[White "Wasilewski, Pawel"]
[Black "Janaszak, Dawid"]
[Result "1-0"]
[WhiteElo "2049"]
[BlackElo "2156"]
[PlyCount "53"]
[EventDate "2000.02.26"]
[EventType "swiss"]
[EventRounds "10"]
[EventCountry "POL"]
[SourceTitle "EXT 2005"]
[Source "ChessBase"]
[SourceDate "2004.11.15"]
[SourceVersion "1"]
[SourceVersionDate "2004.11.15"]
[SourceQuality "1"]

1. d4 Nf6 2. Nf3 g6 3. c4 Bg7 4. Nc3 d5 5. Bg5 Ne4 6. cxd5 Nxc3 7. bxc3 Qxd5 8. e3 c5 9. Qb3 Qxb3 10. axb3 Nc6 11. Bb5 Bd7 12. 0-0 cxd4 13. cxd4 e6 14. Nd2 0-0 15. Ne4 f6 16. Bh4 b6 17. Rfc1 Rac8 18. Rc4 Nb8 19. Bxd7 Nxd7 20. Rxa7 Ra8 21. Rca4 Rfd8 22. Rc7 e5 23. Raa7 Rac8 24. h3 Rxc7 25. Rxc7 Nb8 26. dxe5 fxe5 27. Rb7 1-0

[Event "POL-ch U18"]
[Site "Wisla"]
[Date "2000.??.??"]
[Round "1"]
[White "Wasilewski, Pawel"]
[Black "Jedynak, Radoslaw"]
[Result "1/2-1/2"]
[WhiteElo "2049"]
[BlackElo "2299"]
[PlyCount "60"]
[EventDate "2000.02.26"]
[EventType "swiss"]
[EventRounds "10"]
[EventCountry "POL"]
[SourceTitle "EXT 2005"]
[Source "ChessBase"]
[SourceDate "2004.11.15"]
[SourceVersion "1"]
[SourceVersionDate "2004.11.15"]
[SourceQuality "1"]

1. d4 e6 2. c4 Nf6 3. Nf3 Bb4+ 4. Nbd2 d6 5. g3 0-0 6. Bg2 Qe7 7. a3 Bxd2+ 8. Qxd2 a5 9. b3 e5 10. 0-0 c5 11. e3 Nc6 12. Bb2 Bg4 13. h3 Bxf3 14. Bxf3 e4 15. Bg2 cxd4 16. exd4 d5 17. Rfe1 Qd7 18. c5 Nh5 19. g4 Nf6 20. f3 exf3 21. Bxf3 h5 22. Qg2 hxg4 23. hxg4 Rfe8 24. Rad1 Ne7 25. g5 Nh7 26. Bg4 Qb5 27. a4 Qc6 28. Bc1 Ng6 29. Bf5 Nhf8 30. Qg3 Rad8 1/2-1/2

[Event "POL-ch U18"]
[Site "Wisla"]
[Date "2000.??.??"]
[Round "9"]
[White "Wasilewski, Pawel"]
[Black "Stoma, Pawel"]
[Result "1-0"]
[WhiteElo "2049"]
[BlackElo "2139"]
[PlyCount "106"]
[EventDate "2000.02.26"]
[EventType "swiss"]
[EventRounds "10"]
[EventCountry "POL"]
[SourceTitle "EXT 2005"]
[Source "ChessBase"]
[SourceDate "2004.11.15"]
[SourceVersion "1"]
[SourceVersionDate "2004.11.15"]
[SourceQuality "1"]

1. d4 Nf6 2. Nf3 c6 3. Bf4 d6 4. h3 Nbd7 5. e3 g6 6. Be2 Bg7 7. 0-0 0-0 8. c3 Ne4 9. Nfd2 f5 10. Nxe4 fxe4 11. Nd2 e5 12. dxe5 dxe5 13. Bg3 Qb6 14. Qc2 Nc5 15. b4 Na6 16. Nxe4 Kh8 17. Qb3 Qc7 18. Bxa6 bxa6 19. Qc4 Qe7 20. Qxc6 Bb7 21. Qd6 Qxd6 22. Nxd6 Bc6 23. Rfd1 Kg8 24. Nc4 Ba4 25. Rdc1 e4 26. Bd6 Rfd8 27. Bc5 Bb5 28. Na3 Be2 29. Bd4 Rd5 30. Re1 Bd3 31. Rac1 a5 32. Bxg7 Kxg7 33. Red1 Rb8 34. c4 Rg5 35. b5 Rc8 36. Rc3 Kf6 37. Rdxd3 exd3 38. Rxd3 Ke6 39. Rd4 Rgc5 40. Kf1 R8c7 41. Ke2 Rd7 42. Kd3 Rf5 43. f3 Rff7 44. Nb1 Rb7 45. Nc3 Rfc7 46. a4 a6 47. Nd5 Rc5 48. b6 Rc6 49. Rf4 Ke5 50. Re4+ Kd6 51. Kd4 Rb8 52. Rf4 Rbc8 53. Rf6+ Kd7 1-0